|
003 -Nazwa inst., której nr kontr. jest w polu 001 [,]
|
-
- @
- Nazwa instytucji, której n kontrolny jest w polu 001
- NUKAT
|
|
005 -DATA I CZAS OSTATNIEJ MODYFIKACJI [,]
|
-
- @
- pole kontrolne
- 20241231113159.0
|
|
020 -Międzynarod. znormalizowany nr książki - ISBN [ , ]
|
-
- a
- Numer ISBN
- 9788365402004
|
|
020 -Międzynarod. znormalizowany nr książki - ISBN [ , ]
|
-
- a
- Numer ISBN
- 9788365402011
-
|
|
040 -Instytucja sporządzająca opis [ , ]
|
-
- a
- Instytucja, która sporządziła opis (NP)
- WA U/88GRY
-
- c
- Instytucja, która sporządziła rekord (NP)
- WA U/GRY
-
- d
- Instytucja, która zmodyfikowała rekord (P)
- WA U/88GRY
-
- d
- Instytucja, która zmodyfikowała rekord (P)
- WA U/88OBs
|
|
041 -Język dokumentu [0, ]
|
-
- a
- Język tekstu (P)
- polski
-
- a
- Język tekstu (P)
- angielski
-
- b
- Język streszczeń lub abstraktu (P)
- polski
-
- b
- Język streszczeń lub abstraktu (P)
- angielski
|
|
942 -Rodzaj dokumentu [ , ]
|
-
- c
- Rodzaj dokumentu
- Książka
|
|
245 -Strefa tytułu i oznaczenia odpowiedzialności [1,0]
|
-
- a
- Tytuł
- Finansowe uwarunkowania rozwoju organizacji gospodarczych :
-
- b
- Ciąg dalszy tytułu (NP)
- zarządzanie finansami a efektywność ekonomiczna /
-
- c
- Pozostałe elementy strefy tytułu i oznaczenia odpowiedzialności (NP)
- redakcja naukowa Marta Postuła, Jan Turyna ; [Jan Rak, Jan Turyna, Radosław Ignatowski, Wojciech Zatoń, Wojciech Dawid Krzeszowski, Ewa Maćkowiak, Halina Buk, Kazimiera Winiarska, Aleksander Kusak, Andrzej Rutkowski, Nikodem Grzenkowicz, Marta Postuła, Tomasz Dyczkowski, Małgorzata Winter, Sebastian Susmarski, Anna Zamojska, Edward Nowak, Michał Pachowski, Michał Ambroziak, Maciej Pawłowski, Tomasz Krawczyk, Piotr Figura, Teresa Czerwińska, Jerzy Żyżyński i 11 pozostałych].
|
|
260 -Strefa adresu wydawniczego [ , ]
|
-
- a
- Miejsce wydania (P)
- Warszawa :
-
- b
- Nazwa wydawcy (P)
- Wydawnictwo Naukowe Wydziału Zarządzania Uniwersytetu Warszawskiego,
-
|
|
700 -Hasło dodatkowe - nazwa osobowa [1, ]
|
-
- a
- Nazwa osobowa (NP)
- Turyna, Jan
-
- d
- Daty biograficzne (NP)
- (1949- ).
-
|
|
700 -Hasło dodatkowe - nazwa osobowa [1, ]
|
-
- a
- Nazwa osobowa (NP)
- Ignatowski, Radosław.
-
|
|
700 -Hasło dodatkowe - nazwa osobowa [1, ]
|
-
- a
- Nazwa osobowa (NP)
- Zatoń, Wojciech.
-
|
|
700 -Hasło dodatkowe - nazwa osobowa [1, ]
|
-
- a
- Nazwa osobowa (NP)
- Krzeszowski, Wojciech Dawid.
-
|
|
700 -Hasło dodatkowe - nazwa osobowa [1, ]
|
-
- a
- Nazwa osobowa (NP)
- Maćkowiak, Ewa.
-
|
|
700 -Hasło dodatkowe - nazwa osobowa [1, ]
|
-
- a
- Nazwa osobowa (NP)
- Buk, Halina.
-
|
|
700 -Hasło dodatkowe - nazwa osobowa [1, ]
|
-
- a
- Nazwa osobowa (NP)
- Winiarska, Kazimiera
-
- d
- Daty biograficzne (NP)
- (1948- ).
-
|
|
700 -Hasło dodatkowe - nazwa osobowa [1, ]
|
-
- a
- Nazwa osobowa (NP)
- Kusak, Aleksander.
-
|
|
700 -Hasło dodatkowe - nazwa osobowa [1, ]
|
-
- a
- Nazwa osobowa (NP)
- Rutkowski, Andrzej
-
- c
- Dopowiedzenie inne niż daty biograficzne (NP)
- (ekonomia).
-
|
|
700 -Hasło dodatkowe - nazwa osobowa [1, ]
|
-
- a
- Nazwa osobowa (NP)
- Grzenkowicz, Nikodem.
-
|
|
700 -Hasło dodatkowe - nazwa osobowa [1, ]
|
-
- a
- Nazwa osobowa (NP)
- Postuła, Marta.
-
|
|
700 -Hasło dodatkowe - nazwa osobowa [1, ]
|
-
- a
- Nazwa osobowa (NP)
- Dyczkowski, Tomasz.
-
|
|
700 -Hasło dodatkowe - nazwa osobowa [1, ]
|
-
- a
- Nazwa osobowa (NP)
- Winter, Małgorzata
-
- c
- Dopowiedzenie inne niż daty biograficzne (NP)
- (ekonomista).
-
|
|
700 -Hasło dodatkowe - nazwa osobowa [1, ]
|
-
- a
- Nazwa osobowa (NP)
- Susmarski, Sebastian.
-
|
|
700 -Hasło dodatkowe - nazwa osobowa [1, ]
|
-
- a
- Nazwa osobowa (NP)
- Zamojska, Anna
-
- c
- Dopowiedzenie inne niż daty biograficzne (NP)
- (ekonomia).
-
|
|
700 -Hasło dodatkowe - nazwa osobowa [1, ]
|
-
- a
- Nazwa osobowa (NP)
- Nowak, Edward
-
- d
- Daty biograficzne (NP)
- (1951- ).
-
|
|
700 -Hasło dodatkowe - nazwa osobowa [1, ]
|
-
- a
- Nazwa osobowa (NP)
- Pachowski, Michał.
-
|
|
700 -Hasło dodatkowe - nazwa osobowa [1, ]
|
-
- a
- Nazwa osobowa (NP)
- Ambroziak, Michał.
-
|
|
700 -Hasło dodatkowe - nazwa osobowa [1, ]
|
-
- a
- Nazwa osobowa (NP)
- Pawłowski, Maciej
-
- c
- Dopowiedzenie inne niż daty biograficzne (NP)
- (ekonomia).
-
|
|
700 -Hasło dodatkowe - nazwa osobowa [1, ]
|
-
- a
- Nazwa osobowa (NP)
- Krawczyk, Tomasz
-
- c
- Dopowiedzenie inne niż daty biograficzne (NP)
- (zarządzanie).
-
|
|
700 -Hasło dodatkowe - nazwa osobowa [1, ]
|
-
- a
- Nazwa osobowa (NP)
- Figura, Piotr Ryszard.
-
|
|
700 -Hasło dodatkowe - nazwa osobowa [1, ]
|
-
- a
- Nazwa osobowa (NP)
- Czerwińska, Teresa
-
- c
- Dopowiedzenie inne niż daty biograficzne (NP)
- (ekonomia).
-
|
|
700 -Hasło dodatkowe - nazwa osobowa [1, ]
|
-
- a
- Nazwa osobowa (NP)
- Żyżyński, Jerzy
-
- d
- Daty biograficzne (NP)
- (1949- ).
-
|
|
710 -Hasło dodatkowe - nazwa ciała zbiorowego [2, ]
|
-
- a
- Nazwa ciała zbiorowego lub nazwa geograficzna jako pierwszy element (NP)
- Uniwersytet Warszawski.
-
- b
- Nazwa jednostki podrzędnej (P)
- Wydział Zarządzania.
-
- b
- Nazwa jednostki podrzędnej (P)
- Wydawnictwo Naukowe.
-
-
|